| 000 | 00629nam a22001817a 4500 | ||
|---|---|---|---|
| 005 | 20250109144317.0 | ||
| 010 | _aENG-143283 | ||
| 020 |
_a9788197321498 _c1220.00 |
||
| 035 | _aEN-126815 | ||
| 037 | _bDBAD | ||
| 082 | _a337 | ||
| 245 | 0 | 0 |
_aShanghai Cooperation Organisation: _cEdited By Athar Zafar _bReconnect ~ Rejuvenate/ |
| 250 | _a1 | ||
| 260 |
_aNew Delhi _bKW Publishers KW Publishers in association with Centre for Land Warfare Studies _c2025 |
||
| 270 |
_a4676/21, First Floor, Ansari Road, Daryaganj, _bNew Delhi _e110002 |
||
| 300 |
_axxii,88p. _c23cm(hb) _bIndex |
||
| 942 |
_2ddc _cEN _mSHA _h337 |
||
| 999 |
_c208295 _d208295 |
||